00239pab a2200085 454500008003600000100001800036245005700054650002500111773001700136180718b xxu||||| |||| 00| 0 eng d aArora, Sushil aAudio - visual media and the human resource planning aAudio - Visual Media aMan In India